| 000 | 01249nam a22003137a 4500 | ||
|---|---|---|---|
| 005 | 20260313131057.0 | ||
| 008 | 260311s2005 ck ||||g |||| 00| | spa d | ||
| 040 |
_aCO-BoESAP _bspa _cCO-BoESAP |
||
| 100 | 1 |
_aVidal Perdomo, Jaime, _d1931-2018 _97404 _eautor |
|
| 245 | 1 | 3 |
_aLa reforma administrativa de 1968 : _bantecedentes, teoría de la organización y funcionamiento, sus principales consecuencias / _cJaime Vidal Perdomo. |
| 300 | _apáginas 47-67 | ||
| 504 | _aBibliografía: páginas 66-67. | ||
| 526 | _a104436 | ||
| 526 | _a1697 | ||
| 526 | _a19790 | ||
| 526 | _a51868 | ||
| 526 | _a102619 | ||
| 526 | _a5144 | ||
| 630 | 0 | 4 |
_aLey 19 de 1958 _9220111 |
| 630 | 0 | 4 |
_aDecreto 1050 de 1968 _9222636 |
| 630 | 0 | 4 |
_aDecreto 3130 de 1968 _9222637 |
| 650 | 1 | 7 |
_aDesarrollo económico _xHistoria _91884 _2LEMB _zColombia |
| 650 | 2 | 4 |
_aReformas administrativas _xHistoria _9222549 _zColombia |
| 651 | 7 |
_aColombia _2LEMB _9164775 _xPolítica económica _ySiglo XX |
|
| 651 | 7 |
_aColombia _2LEMB _9164775 _xHistoria _yFrente Nacional, 1958-1974 |
|
| 651 | 7 |
_aColombia _2LEMB _9164775 _xAdministración pública _y1950–1970 |
|
| 773 | _tTeoría de la organización administrativa colombiana : una visión jurídico-administrativa | ||
| 942 |
_2cl _cCHAP |
||
| 999 |
_c175273 _d175273 |
||